| 000 | 01571ngm a2200361 4500 | ||
|---|---|---|---|
| 003 | dpl | ||
| 005 | 20090106144450.0 | ||
| 007 | DVD | ||
| 008 | ||||||sp199 xxu|||||c ||| 00| 0 ng d | ||
| 010 | _aDVD-001910-1912 | ||
| 024 |
_aTFVCD 324 _c34.00 |
||
| 035 | _aDVD-001910-1912 | ||
| 040 |
_aDPL _cDPL |
||
| 082 | _aDVD / ZUBE | ||
| 245 |
_aZubeidaa _cF K R Production Presents _h[videorecording] DVD/ |
||
| 260 | _bTime Video | ||
| 300 |
_a2 videodisc VCD; _bsd., col. ; _c4 3/4 in. _fVCD |
||
| 440 | _aTime Video Entertainment | ||
| 500 | _aCompany has obtained the necessary licence/conssent from the owner of the copyright in the wroks for making this DVD Film. | ||
| 538 | _aDolby Digital 5.1 - Hindi Subtitles: English | ||
| 650 | _aMotion Picture | ||
| 700 | _aBenegal, Shyam | ||
| 700 | _aRattonsey, Farouq | ||
| 700 | _aRahman, A. R. | ||
| 700 | _aKapoor, Karishma | ||
| 700 | _aBajpai, Manoj | ||
| 700 | _aPuri, Amarish | ||
| 942 |
_cCF _2ddc _hVCD _mZUBE |
||
| 999 |
_c20647 _d20647 |
||